<?xml version="1.0" encoding="UTF-8"?><?xml-stylesheet type="text/xsl" href="static/style.xsl"?><OAI-PMH xmlns="http://www.openarchives.org/OAI/2.0/" xmlns:xsi="http://www.w3.org/2001/XMLSchema-instance" xsi:schemaLocation="http://www.openarchives.org/OAI/2.0/ http://www.openarchives.org/OAI/2.0/OAI-PMH.xsd"><responseDate>2026-04-17T14:08:00Z</responseDate><request verb="GetRecord" identifier="oai:www.recercat.cat:20.500.14342/3796" metadataPrefix="marc">https://recercat.cat/oai/request</request><GetRecord><record><header><identifier>oai:recercat.cat:20.500.14342/3796</identifier><datestamp>2025-03-11T12:45:36Z</datestamp><setSpec>com_2072_482405</setSpec><setSpec>com_2072_183628</setSpec><setSpec>col_2072_482410</setSpec></header><metadata><record xmlns="http://www.loc.gov/MARC21/slim" xmlns:dcterms="http://purl.org/dc/terms/" xmlns:xsi="http://www.w3.org/2001/XMLSchema-instance" xmlns:doc="http://www.lyncode.com/xoai" xsi:schemaLocation="http://www.loc.gov/MARC21/slim http://www.loc.gov/standards/marcxml/schema/MARC21slim.xsd">
   <leader>00925njm 22002777a 4500</leader>
   <datafield ind2=" " ind1=" " tag="042">
      <subfield code="a">dc</subfield>
   </datafield>
   <datafield ind2=" " ind1=" " tag="720">
      <subfield code="a">Drinkwater, Kenneth Graham</subfield>
      <subfield code="e">author</subfield>
   </datafield>
   <datafield ind2=" " ind1=" " tag="720">
      <subfield code="a">Dagnall, Neil</subfield>
      <subfield code="e">author</subfield>
   </datafield>
   <datafield ind2=" " ind1=" " tag="720">
      <subfield code="a">Denovan, Andrew</subfield>
      <subfield code="e">author</subfield>
   </datafield>
   <datafield ind2=" " ind1=" " tag="720">
      <subfield code="a">Parker, Andrew</subfield>
      <subfield code="e">author</subfield>
   </datafield>
   <datafield ind2=" " ind1=" " tag="720">
      <subfield code="a">Escolà-Gascón, Álex</subfield>
      <subfield code="e">author</subfield>
   </datafield>
   <datafield ind2=" " ind1=" " tag="260">
      <subfield code="c">2022</subfield>
   </datafield>
   <datafield ind2=" " ind1=" " tag="520">
      <subfield code="a">This study investigated relationships between inter-class variations in paranormal experience and executive functions. A sample of 516 adults completed self-report measures assessing personal encounter-based paranormal occurrences (i.e., Experience, Practitioner Visiting, and Ability), executive functions (i.e., General Executive Function, Working and Everyday Memory, and Decision Making) together with Emotion Regulation and Belief in the Paranormal. Paranormal belief served as a measure of convergent validity for experience-based phenomena. Latent profile analysis (LPA) combined experience-based indices into four classes based on sample subpopulation scores. Multivariate analysis of variance (MANOVA) then examined interclass differences. Results revealed that breadth of paranormal experience was associated with higher levels of executive functioning difficulties for General Executive Function, Working Memory, Decision Making, and Belief in the Paranormal. On the Everyday Memory Questionnaire, scores differed on Attention Tracking (focus loss) and Factor 3 (visual reconstruction), but not Retrieval (distinct memory failure). In the case of the Emotion Regulation Scale, class scores varied on Expressive Suppression (control), however, no difference was evident on Cognitive Reappraisal (reframing). Overall, inter-class comparisons identified subtle differences in executive functions related to experience. Since the present study was exploratory, sampled only a limited subset of executive functions, and used subjective, self-report measures, further research is necessary to confirm these outcomes. This should employ objective tests and include a broader range of executive functions.</subfield>
   </datafield>
   <datafield ind1="8" ind2=" " tag="024">
      <subfield code="a">http://hdl.handle.net/20.500.14342/3796</subfield>
   </datafield>
   <datafield ind1="8" ind2=" " tag="024">
      <subfield code="a">https://doi.org/10.3389/fpsyg.2021.778312</subfield>
   </datafield>
   <datafield tag="653" ind2=" " ind1=" ">
      <subfield code="a">Paranormal experience</subfield>
   </datafield>
   <datafield tag="653" ind2=" " ind1=" ">
      <subfield code="a">Paranormal belief</subfield>
   </datafield>
   <datafield tag="653" ind2=" " ind1=" ">
      <subfield code="a">Latent profile analysis</subfield>
   </datafield>
   <datafield tag="653" ind2=" " ind1=" ">
      <subfield code="a">Self-report measures</subfield>
   </datafield>
   <datafield tag="653" ind2=" " ind1=" ">
      <subfield code="a">Metacognitive processes</subfield>
   </datafield>
   <datafield ind2="0" ind1="0" tag="245">
      <subfield code="a">Paranormal Experience Profiles and Their Association With Variations in Executive Functions: A Latent Profile Analysis</subfield>
   </datafield>
</record></metadata></record></GetRecord></OAI-PMH>